000 00655nam a22002057a 4500
999 _c15542
_d15542
003 MIRAKIL
005 20240301134525.0
008 240301b tu ||||| |||| 00| 0 tur d
040 _aTR-AnCHP
_cTR-AnCHP
041 _atur
082 _a352
_bF52b 2018
090 _a352 F52b 2018
100 _aFidandal, Mehmet Zeki
245 1 0 _aBelediyelerde mevzuatı öğren, zararları önle! /
_cMehmet Zeki Fidandal
260 _aİzmir :
_c2018.
_fManisa ofset
300 _a232 s. :
_c20 cm.
650 0 _97433
_aBelediye Hizmetleri
_xMevzuat
856 _zDijital Nüshası için Partimizin Kütüphane Sorumlusu ile iletişime geçiniz.
942 _2ddc
_cBKS